India's biggest cover-up / (Record no. 93941)

MARC details
000 -LEADER
fixed length control field 00524nam a22001817a 4500
005 - DATE AND TIME OF LATEST TRANSACTION
control field 20150720122424.0
010 ## - LCCN (DPL NO)
LC control number ENG-113225
020 ## - INTERNATIONAL STANDARD BOOK NUMBER
International Standard Book Number 9789380828695
Terms of availability 600.00
035 ## - SYSTEM CONTROL NUMBER
System control number EN-96757
037 ## - SOURCE OF ACQUISITION
Source of stock number/acquisition DBAD/PUB
082 ## - DEWEY DECIMAL CLASSIFICATION NUMBER
Classification number 954.035
100 ## - MAIN ENTRY--PERSONAL NAME
Personal name Dhar, Anuj
245 ## - TITLE STATEMENT
Title India's biggest cover-up /
Statement of responsibility, etc by Anuj Dhar
260 ## - PUBLICATION, DISTRIBUTION, ETC. (IMPRINT)
Place of publication, distribution, etc New Delhi
Name of publisher, distributor, etc Vitasta Publishing
Date of publication, distribution, etc 2015
270 ## - ADDRESS
Address 2/15, Ansari Road, Daryaganj
City New Delhi
Postal code 110002
300 ## - PHYSICAL DESCRIPTION
Extent 443p. :
Dimensions 23cm(Hb)
Other physical details ill.
942 ## - ADDED ENTRY ELEMENTS (KOHA)
Source of classification or shelving scheme Dewey Decimal Classification
Item type English Books
Call number suffix DHA
Classification part 954.035
Holdings
Withdrawn status Lost status Not for loan Collection code Home library Current library Date acquired Source of acquisition Cost, normal purchase price Full call number Barcode Copy number Cost, replacement price Koha item type
      Non-fiction Shahdara Branch Shahdara Branch 26/05/2015 DBAD/PUB 600.00 954.035 DHA EN-96757 1 600.00 English Books

© Delhi Public Library
Hit Counter
free hit counter